La tercera dama duende (Record no. 165068)

MARC details
000 -LEADER
campo de control de longitud fija 01240nam a22002655i 4500
001 - NÚMERO DE CONTROL
campo de control 165068
003 - IDENTIFICADOR DE NÚMERO DE CONTROL
campo de control ES-MaACL
005 - FECHA Y HORA DE LA ÚLTIMA TRANSACCIÓN
campo de control 20250826150933.0
008 - DATOS DE LONGITUD FIJA--INFORMACIÓN GENERAL
campo de control de longitud fija 050810s1843 sp | |||||||| ||spa d
040 ## - FUENTE DE CATALOGACIÓN
Centro catalogador/agencia de origen CAM
Lengua de catalogación spa
Centro/agencia transcriptor CAM
100 1# - ENTRADA PRINCIPAL--NOMBRE DE PERSONA
Nombre de persona Scribe, Eugène.
9 (RLIN) 104966
245 13 - MENCIÓN DEL TÍTULO
Título La tercera dama duende
Resto del título : comedia en tres actos /
Mención de responsabilidad, etc. sacada de una ópera cómica de E. Scribe por J. de la C. Tirado.
260 ## - PUBLICACIÓN, DISTRIBUCIÓN, ETC.
Lugar de publicación, distribución, etc. Madrid :
Nombre del editor, distribuidor, etc. [s.n.],
Fecha de publicación, distribución, etc. 1843 (
Fabricante Imprenta de Fernando Suárez)
300 ## - DESCRIPCIÓN FÍSICA
Extensión 38 p. ;
Dimensiones 25 cm.
490 1# - MENCIÓN DE SERIE
Mención de serie Museo dramático ó Colección de comedias del teatro estrangero, representado en los principales de la corte ;
Designación de volumen o secuencia 1
500 ## - NOTA GENERAL
Nota general Se ha de representar en el Teatro de la Cruz en el mes de abril de 1842.
594 ## - Nota al título y mención de responsabilidad
Nota al título y mención de responsabilidad Título y autores tomados de principio del texto.
596 ## - NOTA AL PIE DE IMPRENTA
NOTA AL PIE DE IMPRENTA Datos de pie de imp. tomados de la port. de la serie.
597 ## - NOTA DE DESCRIPCIÓN FÍSICA
NOTA DE DESCRIPCIÓN FÍSICA Texto a dos col.
700 1# - ENTRADA AGREGADA--NOMBRE PERSONAL
Nombre de persona Tirado, Juan de la Cruz,
Fechas asociadas al nombre n. 1812
9 (RLIN) 133264
830 00 - PUNTO DE ACCESO ADICIONAL DE SERIE-TÍTULO UNIFORME
Título uniforme Museo dramático ó Colección de comedias del teatro estranjero representadas en los principales teatros de la corte
Designación de volumen o secuencia 1
9 (RLIN) 242030
852 ## - LOCALIZACIÓN
Ubicación ES-MaACL
Número de control de estantería F-7488(1)
Nota libre -- Enc. hol.
-- -- Enc. en un vol. facticio
Holdings
Estatus retirado Estado de pérdida Estado de daño No para préstamo Colección Biblioteca de origen Biblioteca actual Ubicación en estantería Fecha de adquisición Total de préstamos Signatura topográfica completa Código de barras Visto por última vez Precio de reemplazo Tipo de ítem Koha
        Libros del s. XIX Biblioteca del Ateneo de Madrid Biblioteca del Ateneo de Madrid Depósito 2 17/01/2008   F-7488(1) 1173066 23/02/2023 23/02/2023 Libro impreso antiguo